000 00672nam a2200241Ia 4500
003 OSt
005 20220923230753.0
006 a|||||r|||| 00| 0
007 ta
008 Pun
020 _c60
024 _a305,433
037 _cTextual
040 _aARTS
_cARTS
_bPun
041 _2Pun
_aPun
082 _aQ8441:21:g, 153N0
100 _aਰਾਜਿੰਦਰ ਸਿੰਘ
_9156275
245 0 _aਬਾਰ੍ਹਾਮਾਹ ਤੁਖਾਰੀ ਵਿਚ ਪ੍ਰਕਿਰਤੀ ਚਿਤਰਣ
260 _c1990
650 _aਧਰਮ
942 _hQ8441:21:g, 153N0
_cTEXL
_2CC
999 _c387225
_d387225